Summary of Montana mineral resources, (Record no. 29367)

MARC details
000 -LEADER
fixed length control field 00781cam a22002411 4500
001 - CONTROL NUMBER
control field gs 59000223
003 - CONTROL NUMBER IDENTIFIER
control field DLC
005 - DATE AND TIME OF LATEST TRANSACTION
control field 20260227111408.0
008 - FIXED-LENGTH DATA ELEMENTS--GENERAL INFORMATION
fixed length control field 790330s1959 mtua 000 0 eng
010 ## - LIBRARY OF CONGRESS CONTROL NUMBER
LC control number gs 59000223
035 ## - SYSTEM CONTROL NUMBER
System control number (OCoLC)4803213
040 ## - CATALOGING SOURCE
Original cataloging agency DLC
Transcribing agency TxEU
Modifying agency DLC
042 ## - AUTHENTICATION CODE
Authentication code premarc
050 00 - LIBRARY OF CONGRESS CALL NUMBER
Classification number TN24.M9
Item number S33
100 1# - MAIN ENTRY--PERSONAL NAME
Personal name Sahinen, Uuno M.
Fuller form of name (Uuno Mathias),
Dates associated with a name 1906-
245 10 - TITLE STATEMENT
Title Summary of Montana mineral resources,
Statement of responsibility, etc. by Uuno M. Sahinen and F. A. Crowley.
260 ## - PUBLICATION, DISTRIBUTION, ETC.
Place of publication, distribution, etc. Butte :
Name of publisher, distributor, etc. Montana School of Mines,
Date of publication, distribution, etc. 1959.
300 ## - PHYSICAL DESCRIPTION
Extent v, 51 p.
Other physical details fold. map.
Dimensions 28 cm.
410 20 - SERIES STATEMENT/ADDED ENTRY--CORPORATE NAME [OBSOLETE, CAN/MARC], [LOCAL, USA]
Corporate name or jurisdiction name as entry element Montana Bureau of Mines and Geology.
Title of a work Bulletin
Volume number/sequential designation 11
504 ## - BIBLIOGRAPHY, ETC. NOTE
Bibliography, etc. note Bibliography: p.41-51.
650 #0 - SUBJECT ADDED ENTRY--TOPICAL TERM
Topical term or geographic name entry element Mines and mineral resources
Geographic subdivision Montana.
700 1# - ADDED ENTRY--PERSONAL NAME
Personal name Crowley, F. A.,
Relator term joint author.

No items available.

Powered by Koha